00772 2200193 4500001002100000005001500021035002000036245003800056100001700094250001700111300002800128260003100156082000800187084001400195020002200209650001400231520030300245500003000548INLIS00000000000011320240507085349 a0010-05240000351 aKoci si pemberani /cLiza Erfiana0 aLiza Erfiana acetakan ke-1 a32 hlm :bilus ;c24 cm aSolo :bTiga Ananda,c2018 a813 a813 LIZ k a978-602-366-545-7 4aBuku anak aKoci adalah sekoci yang penakut. Ia selalu mengkhawatirkan hal-hal yang belum tentu terjadi. Suatu hari, Koci harus ikut berlayar mengarungi samudra yang luas. Apa yang ditakutkan Koci terjadi. Badai hebat datang. Kapal pesiar yang ia tumpangi pun bocor. Mampukah Koci menyelamatkan para penumpang? aseri kendaraan penyelamat